| 000 | 00529nam a2200217Ia 4500 | ||
|---|---|---|---|
| 001 | 5675 | ||
| 003 | GE_BSU | ||
| 008 | 181216s||||||||xx |||||||||||||| ||und|| | ||
| 040 | _cGE_BSU | ||
| 080 | _a512.13 | ||
| 100 | _aКоровкин П.П . | ||
| 245 | _aНеравенства. | ||
| 245 | _bИзд. 4-ОЕ, перер. | ||
| 245 | _cРед. Ф. И. Кизнер. | ||
| 260 | _aМосква | ||
| 260 | _bНаука | ||
| 260 | _c1974 | ||
| 300 | _a70 с. 20 см. | ||
| 653 | _aНеравенства. | ||
| 942 | _cBK | ||
| 999 |
_c39101 _d39101 |
||